Pour out your heart : (Запис № 538231)
[ простий вигляд ]
| 000 -LEADER | |
|---|---|
| fixed length control field | 01098cam a2200229Ma 4500 |
| 001 - CONTROL NUMBER | |
| control field | pouroutyourheart00shaw |
| 003 - CONTROL NUMBER IDENTIFIER | |
| control field | CaSfIA |
| 005 - DATE AND TIME OF LATEST TRANSACTION | |
| control field | 20210118211432.0 |
| 007 - PHYSICAL DESCRIPTION FIXED FIELD--GENERAL INFORMATION | |
| fixed length control field | cr|||| |
| 008 - FIXED-LENGTH DATA ELEMENTS--GENERAL INFORMATION | |
| fixed length control field | 940422s1977 xxu 000 0 eng d |
| 040 ## - CATALOGING SOURCE | |
| Original cataloging agency | SZT |
| Transcribing agency | SZT |
| Modifying agency | OCLCG |
| -- | CaSfIA |
| 035 ## - SYSTEM CONTROL NUMBER | |
| System control number | (OCoLC)86011058 |
| 100 1# - MAIN ENTRY--PERSONAL NAME | |
| Personal name | Shaw, Gwen R. |
| Fuller form of name | (Gwen Ruth) |
| 245 10 - TITLE STATEMENT | |
| Title | Pour out your heart : |
| Medium | [electronic resource] |
| Remainder of title | a Bible study course on intercessory - travailing prayer / |
| Statement of responsibility, etc | Gwen R. Shaw. |
| 260 ## - PUBLICATION, DISTRIBUTION, ETC. (IMPRINT) | |
| Place of publication, distribution, etc | Jasper : |
| Name of publisher, distributor, etc | Engeltal, |
| Date of publication, distribution, etc | c1977. |
| 300 ## - PHYSICAL DESCRIPTION | |
| Extent | 51 p. |
| 506 ## - RESTRICTIONS ON ACCESS NOTE | |
| Standardized terminology for access restriction | Необхідна авторизація на https://archive.org/ (створення облікового запису безкоштовно) |
| 506 ## - RESTRICTIONS ON ACCESS NOTE | |
| Standardized terminology for access restriction | Необхідна авторизація на https://openlibrary.org/ (створення облікового запису безкоштовно) |
| 856 41 - ELECTRONIC LOCATION AND ACCESS | |
| Uniform Resource Identifier | <a href="http://www.archive.org/details/pouroutyourheart00shaw">http://www.archive.org/details/pouroutyourheart00shaw</a> |
| Public note | Free eBook from the Internet Archive |
| 856 42 - ELECTRONIC LOCATION AND ACCESS | |
| Uniform Resource Identifier | <a href="http://www.openlibrary.org/books/OL24217090M">http://www.openlibrary.org/books/OL24217090M</a> |
| Public note | Additional information and access via Open Library |
| 942 ## - ADDED ENTRY ELEMENTS (KOHA) | |
| Koha item type | ЕКнига |
Немає доступних примірників.